| 000 | 01449nam a2200349 c 4500 | ||
|---|---|---|---|
| 003 | BLK | ||
| 005 | 20180420213419.0 | ||
| 008 | 180412b bul|||||r ||||||| ||bul|| | ||
| 010 | _aKNG00002565000 | ||
| 020 |
_a954-07-0094-9 _bиздат.: Унив. изд. Св. Климент Охридски |
||
| 040 | _aBLK | ||
| 041 |
_aBUL _cBUL |
||
| 080 |
_aПриложна микробиология _b579.6 _x:502.5 _z579.6:502.5 |
||
| 100 | 1 |
_aВлахов, Стоян Стефанов _eпърви автор _9244650 |
|
| 139 |
_aВлахов, Стоян Стефанов _bВ 73 |
||
| 245 | 1 | 0 |
_aМикроорганизми - биоиндикатори и биодеградатори _bИзследване _cСтоян Стефанов Влахов. |
| 257 | _aBGR | ||
| 260 |
_аСофия _bУнив. изд. Св. Климент Охридски _c1994 |
||
| 300 |
_a200 с. _bс табл., диагр., ил. _c20 см |
||
| 380 | _a5 | ||
| 500 | _a2 100 тир. | ||
| 650 | 4 |
_aМикроорганизми - роля за опазване на околната среда _9244651 |
|
| 650 | 4 |
_aОколна среда - опазване _9244652 |
|
| 650 | 4 |
_aПрирода - защита _9244653 |
|
| 653 | _aмикроорганизми | ||
| 653 | _aоколна среда | ||
| 852 | _aЦб 179099 | ||
| 856 | 4 |
_qpdf _u |
|
| 856 | 4 |
_qpdf _u |
|
| 942 |
_cKNG _n0 |
||
| 944 |
_aCR _c15.01.2003 _kКети_Илиева |
||
| 944 |
_aED _c14.09.2016 _kИрена_Линкова |
||
| 999 |
_c1689 _d1689 |
||